Géographie de l'Afrique par lettre - L - Statistiques

Statistiques générales
  • Ce quiz a été pris 141 fois
  • Le résultat moyen est 8 sur 12
Statistiques - réponses
Indice Réponse % Correct
Pays au nord de l'Afrique, sa capitale est Tripoli Libye
100%
Pays entièrement entouré par l'Afrique du Sud Lesotho
94%
Capitale du Gabon, au nom similaire au pays du dessus Libreville
87%
Pays dont la capitale tient le nom d'un président américain Liberia
85%
Animal national de plusieurs pays, tels le Cameroun ou le Sénégal Lion
83%
Plus grande ville du Nigeria Lagos
82%
Plus grande ville de l'Angola Luanda
80%
Monnaie courante à plusieurs pays africains et même à d'autres dans le monde Livre
61%
Langue bantoue parlée au Congo et en RDC Lingala
33%
Plus grande ville du Sahara Occidental Laâyoune
18%
Monnaie du Sierra Leone Leone
15%
Fleuve traversant quatre pays et se jetant dans l'Océan Indien Limpopo
15%
Aucun quiz correspondant
Distribution des résultats
% des personnes avec chaque résultat
Percentile par nombre de réponses
Votre historique - résultats
Vous n’avez pas pris ce quiz